00325nam a2200121Ia 4500008004100000041000800041082001200049100001800061245004500079260004000124300003000164365000900194240624s9999 xx 000 0 und d aeng a413 BOT aBOTTO FRANCIS aDICTIONARY OF E BUSINESS A DEFINITIVE GU c2000aNew YorkbJohn Wiley and Sons aix, : 334 : p. : cm. ; 22 cb30